00785nam a2200229 a 450000100060000000300080000600500170001400800410003103500190007204000270009104100080011808200300012610000260015624500900018225000120027226000400028430000520032450000740037650400300045065100340048065100410051434167BD-RjUL20211209052121.0140514s1979 bg af b 000 0 eng d a(BD-RjUL)34261 aDLCcDLCdBD-RjULbeng aeng00a307.725492219bAFR 19791 aAfsaruddin, Mohammad.10aRural life in Bangladesh :ba study of five selected villages /cMohammad Afsaruddin. a2nd ed. aDacca :bNawroze Kitabistan,c1979. a[10] 114 p., [4] p. of plates :bill. ;c22 cm. aFirst ed. published in 1964 under title: Rural life in East Pakistan. aBibliography: p. 105-114. 0aBangladeshxRural conditions. 0aBangladeshxSocial life and customs.